| 000 | 00711nam a2200181Ia 4500 | ||
|---|---|---|---|
| 008 | 151202s9999||||xx |||||||||||||| ||und|| | ||
| 082 | _bPNVM-69187 | ||
| 100 | _aधर्मापुरीकर मधुकर. | ||
| 245 | _aबाधा ( आकर्षणाच्या कथा ). | ||
| 260 | _b"राजहंस प्रकाशन, पुणे." | ||
| 260 | _c69187 | ||
| 300 | _a165 | ||
| 600 | _aधर्मापुरीकर मधुकर. | ||
| 630 | _aबाधा ( आकर्षणाच्या कथा ). | ||
| 700 | _aधर्मापुरीकर मधुकर. | ||
| 730 | _aबाधा ( आकर्षणाच्या कथा ). | ||
| 942 | _cBOOK | ||
| 999 |
_c1335697 _d1335694 |
||